[Event "TCh-HUN 2017-18"]
[Site "Hungary HUN"]
[Date "2017.12.17"]
[Round "4.10"]
[White "Szeberenyi, Adam"]
[Black "Teglas, Balazs"]
[Result "1/2-1/2"]
[WhiteTitle "IM"]
[WhiteElo "2369"]
[BlackElo "2208"]
[WhiteTeam "Penzugyor SE"]
[BlackTeam "MTK Budapest"]
[WhiteFideId "710466"]
[BlackFideId "727130"]
[EventDate "2017.11.25"]
[EventType "team-tourn"]

1. d4 Nf6 2. c4 e6 3. Nf3 c5 4. d5 d6 5. Nc3 exd5 6. cxd5 g6 7. e4 Bg7 8. h3 O-O
9. Bd3 a6 10. a4 Re8 11. O-O Nh5 12. Bg5 Bf6 13. Be3 Nd7 14. Nd2 Ng7 15. Re1 Ne5
16. Be2 g5 17. Nf1 Ng6 18. Qd2 h6 19. Nh2 Be5 20. Bd3 Nh5 21. Nf3 Bg7 22. Bf1
Nhf4 23. Kh2 Ne5 24. Nxe5 Bxe5 25. g3 Qf6 26. Ra2 Ng6 27. Bg2 Nh4 28. f4 gxf4
29. gxf4 Bd4 30. Qf2 Nxg2 31. Qxg2+ Kh7 32. e5 dxe5 33. Ne4 Qg7 34. Bxd4 cxd4
35. Qxg7+ Kxg7 36. Rg1+ Kh8 37. Nf6 Bf5 38. Nxe8 Rxe8 39. fxe5 Rxe5 40. d6 Rd5
41. b4 Rxd6 42. Rag2 Bg6 43. h4 Rd5 44. Rc1 d3 45. Rc5 Rxc5 46. bxc5 Be4 47. Rb2
Kg7 48. Kg3 f5 49. Rb4 Kg6 50. Rd4 Kf6 51. Kf4 a5 52. Rd6+ Kg7 53. Ke5 Bc6 54.
Rxd3 Bxa4 55. Ra3 Bc2 56. Rxa5 Kg6 57. Ra2 Be4 58. Rd2 Kh5 59. Kf4 Bb1 60. Rg2
Be4 61. Rb2 Kg6 62. Rd2 Bb1 63. Rd6+ Kh5 64. Rf6 Bc2 65. Kg3 Bd3 66. Rf7 Be4 67.
Rd7 Kg6 68. Kf4 Kh5 69. Rd6 Bc2 70. Rb6 Be4 71. Kg3 Bc6 72. Rb2 Be4 73. Kf4 Kg6
74. Re2 Bd3 75. Rh2 Kh5 76. Kg3 Kg6 77. Rf2 Be4 78. Kf4 Bc6 79. Ke5 Be4 80. Rf4
Bc2 81. Rf2 Be4 82. Rd2 Kh5 83. Rd6 Kxh4 84. Rxh6+ Kg3 85. Rf6 Kf3 86. Rb6 Kg3
87. Rb4 Kf3 88. Rb3+ Kg4 89. Rc3 Bc6 90. Rc4+ Be4 91. Rd4 Kf3 92. Rd1 Ke2 93.
Rd7 Ke3 94. Rh7 f4 95. Rh4 Bc6 96. Rxf4 Kd3 97. Kd6 Kc3 98. Kc7 Bd5 99. Kb6 Bc6
100. Rf6 Bd5 101. Rh6 Kd4 102. Rh4+ Kc3 103. Rh7 Kc4 104. Rg7 Bc6 105. Rg6 Bd5
106. Rg4+ Kc3 107. Kc7 Kb3 108. Rg1 Kb4 109. Kd6 Bc6 110. Rb1+ Kc4 111. Rc1+ Kd4
112. Kc7 Kd5 113. Kb6 Kd4 114. Rg1 Kc4 115. Rg4+ Kc3 116. Rg6 Bd5 117. Kb5 Bc4+
118. Ka5 Bd5 119. Rd6 Kc4 120. Kb6 Be4 121. Re6 Bd5 122. Rh6 Kd4 123. Kb5 Bc4+
124. Kb4 Bd5 125. Rd6 Ke5 126. Kb5 Kd4 127. Rd7 Ke5 128. Kb6 Kd4 129. Kb5 Ke5
130. Rh7 Bc6+ 131. Kb6 Kd4 132. Rh4+ Kc3 133. Rg4 Kd3 134. Rg6 Bd5 135. Kb5 Bc4+
136. Kb4 Bd5 137. Rg5 Kd4 138. Rg1 Bc6 139. Rd1+ Ke5 140. Ka5 Be4 141. Rd6 Bd5
142. Rd8 Kd4 143. Kb4 Ke5 144. Kc3 Bg2 145. Rd2 Bd5 146. Re2+ 1/2-1/2

[Event "TCh-HUN 2017-18"]
[Site "Hungary HUN"]
[Date "2017.12.17"]
[Round "4.11"]
[White "Fodor, Balazs"]
[Black "Szamoskozi, Gabor"]
[Result "1-0"]
[BlackTitle "FM"]
[WhiteElo "2102"]
[BlackElo "2297"]
[WhiteTeam "MTK Budapest"]
[BlackTeam "Penzugyor SE"]
[WhiteFideId "741850"]
[BlackFideId "719056"]
[EventDate "2017.11.25"]
[EventType "team-tourn"]

1. d4 Nf6 2. c4 g6 3. Nc3 Bg7 4. g3 O-O 5. Bg2 d6 6. Nf3 Nc6 7. O-O a6 8. b3 Rb8
9. Bb2 Bd7 10. d5 Na5 11. Nd4 e5 12. dxe6 fxe6 13. Qd2 b5 14. cxb5 axb5 15. e4
b4 16. Nd1 c5 17. Ne2 Bc6 18. Qc2 Qe7 19. Ne3 Rfd8 20. e5 dxe5 21. Bxe5 Rbc8 22.
Rac1 Bxg2 23. Kxg2 Qb7+ 24. Kg1 Ne4 25. Bxg7 Rd2 26. Qb1 Ng5 27. Nf4 Nf3+ 28.
Kh1 Nd4+ 29. Kg1 Kxg7 30. Rcd1 Nf3+ 31. Kh1 Kf7 32. Nfg2 c4 33. bxc4 Nxc4 34.
Qb3 Nce5 35. Qb1 Rcd8 36. Rxd2 Nxd2 37. Qd1 Nef3 38. Nc4 Rd7 39. Nxd2 Rxd2 40.
Qb3 Re2 41. Qc4 Ne1 42. f3 Rxg2 43. Rxe1 Qxf3 44. Qxe6+ Kf8 45. Qe8+ Kg7 46.
Qd7+ Kf6 47. Qe7+ Kf5 48. Re5+ 1-0

[Event "TCh-HUN 2017-18"]
[Site "Hungary HUN"]
[Date "2017.12.17"]
[Round "4.12"]
[White "Karacsonyi, Gellert"]
[Black "Honos, Attila"]
[Result "0-1"]
[BlackTitle "FM"]
[WhiteElo "2209"]
[BlackElo "2207"]
[WhiteTeam "Penzugyor SE"]
[BlackTeam "MTK Budapest"]
[WhiteFideId "764620"]
[BlackFideId "701459"]
[EventDate "2017.11.25"]
[EventType "team-tourn"]

1. e4 c5 2. Nf3 Nc6 3. d4 cxd4 4. Nxd4 Nf6 5. Nc3 e5 6. Ndb5 d6 7. Bg5 a6 8. Na3
Be6 9. Nc4 Rc8 10. Nd5 Bxd5 11. Bxf6 gxf6 12. Qxd5 Nb4 13. Qd2 d5 14. exd5 Nxc2+
15. Qxc2 Bb4+ 16. Ke2 b5 17. b3 O-O 18. Rd1 e4 19. Rd4 f5 20. g3 Qf6 21. Rd1 Qg5
22. Bg2 bxc4 23. bxc4 Qh5+ 24. Kf1 Rxc4 25. Qb1 Rfc8 26. Rg1 Rc2 27. g4 Qh4 0-1

[Event "TCh-HUN 2017-18"]
[Site "Hungary HUN"]
[Date "2017.12.17"]
[Round "4.1"]
[White "Lupulescu, Constantin"]
[Black "Almasi, Zoltan"]
[Result "0-1"]
[WhiteTitle "GM"]
[BlackTitle "GM"]
[WhiteElo "2631"]
[BlackElo "2685"]
[WhiteTeam "ASE Paks"]
[BlackTeam "DVTK"]
[WhiteFideId "1207822"]
[BlackFideId "702293"]
[EventDate "2017.11.25"]
[EventType "team-tourn"]

1. d4 Nf6 2. c4 e6 3. Nf3 b6 4. a3 Bb7 5. Bf4 c5 6. Nc3 Nh5 7. Bg5 f6 8. Bc1
Bxf3 9. exf3 cxd4 10. Qxd4 Nc6 11. Qd1 f5 12. f4 Nf6 13. Bd3 Bc5 14. O-O O-O 15.
Rb1 a5 16. h3 Qb8 17. Bd2 Rd8 18. Re1 g6 19. Nb5 Na7 20. b4 axb4 21. axb4 Bf8
22. Nd4 Bg7 23. Nf3 Nc6 24. Ne5 Nh5 25. Qe2 Nxe5 26. fxe5 Ra2 27. Rbd1 Bf8 28.
Qe3 Ra3 29. Ra1 Qa7 30. Rxa3 Qxa3 31. Bf1 Bxb4 32. Qxb6 Be7 33. Rb1 Qc5 34. Be3
Qxe5 35. Bd4 Qe4 36. Bc5 Qh4 37. Rd1 Bxc5 38. Qxc5 Nf6 39. Bd3 Qh6 40. Bc2 Qf8
41. Qe5 Rc8 42. Ba4 Qe7 43. Bb5 Kf7 44. Rd6 Ra8 45. Qd4 Ra7 46. g3 Qd8 0-1

[Event "TCh-HUN 2017-18"]
[Site "Hungary HUN"]
[Date "2017.12.17"]
[Round "4.2"]
[White "Rakhmanov, Aleksandr"]
[Black "Berkes, Ferenc"]
[Result "1/2-1/2"]
[WhiteTitle "GM"]
[BlackTitle "GM"]
[WhiteElo "2659"]
[BlackElo "2653"]
[WhiteTeam "DVTK"]
[BlackTeam "ASE Paks"]
[WhiteFideId "4173708"]
[BlackFideId "718572"]
[EventDate "2017.11.25"]
[EventType "team-tourn"]

1. d4 Nf6 2. c4 e6 3. Nc3 d5 4. cxd5 exd5 5. Bg5 c6 6. e3 Be7 7. Bd3 Nbd7 8. h3
O-O 9. Qc2 Re8 10. Nf3 Nf8 11. O-O Be6 12. Ne5 N6d7 13. Bxe7 Qxe7 14. f4 f6 15.
Nxd7 Qxd7 16. Rae1 Re7 17. f5 Bf7 18. Qf2 Rae8 19. Qf4 g5 20. fxg6 Bxg6 21. Bxg6
Nxg6 22. Qg3 f5 23. Rf3 Rf7 24. Ne2 Qe7 25. Nf4 Qh4 26. Qxh4 Nxh4 27. Rg3+ Rg7
28. Rxg7+ Kxg7 29. Kf2 Ng6 30. Nd3 Kf6 31. b4 h5 32. a4 a6 33. g3 h4 34. gxh4
Nxh4 35. b5 axb5 36. axb5 Ng6 37. b6 Ne7 38. Ra1 Nc8 39. Ra8 Ke7 40. Ne5 Nxb6
41. Ng6+ 1/2-1/2

[Event "TCh-HUN 2017-18"]
[Site "Hungary HUN"]
[Date "2017.12.17"]
[Round "4.3"]
[White "Parligras, Mircea-Emilian"]
[Black "Kuzubov, Yuriy"]
[Result "1/2-1/2"]
[WhiteTitle "GM"]
[BlackTitle "GM"]
[WhiteElo "2613"]
[BlackElo "2690"]
[WhiteTeam "ASE Paks"]
[BlackTeam "DVTK"]
[WhiteFideId "1204297"]
[BlackFideId "14112906"]
[EventDate "2017.11.25"]
[EventType "team-tourn"]

1. d4 Nf6 2. c4 e6 3. Nf3 d5 4. Nc3 Nbd7 5. Qc2 Be7 6. cxd5 exd5 7. Bf4 c6 8. h3
Nf8 9. e3 Ne6 10. Bh2 Bd6 11. Bxd6 Qxd6 12. Bd3 g6 13. O-O-O Bd7 14. Kb1 O-O-O
15. Nb5 Qb4 16. Ne5 Kb8 17. Nc3 Qe7 18. Rc1 Rc8 19. Na4 c5 20. Nxd7+ Nxd7 21.
Nxc5 Ndxc5 22. dxc5 Nxc5 23. Rhd1 Qg5 24. g3 Rhd8 25. Qe2 Qf6 26. Rc2 d4 27. e4
g5 28. e5 Qe6 29. Bxh7 f5 30. Qf3 d3 31. Rcd2 Rf8 32. g4 fxg4 33. Qxg4 Qxe5 34.
Bxd3 Nxd3 35. Rxd3 Rxf2 36. Qxc8+ Kxc8 37. Rc1+ Qc7 38. Rxc7+ Kxc7 39. Rg3 Rh2
40. Rxg5 Rxh3 1/2-1/2

[Event "TCh-HUN 2017-18"]
[Site "Hungary HUN"]
[Date "2017.12.17"]
[Round "4.4"]
[White "Hera, Imre Jr."]
[Black "Papp, Gabor1"]
[Result "1/2-1/2"]
[WhiteTitle "GM"]
[BlackTitle "GM"]
[WhiteElo "2616"]
[BlackElo "2603"]
[WhiteTeam "DVTK"]
[BlackTeam "ASE Paks"]
[WhiteFideId "716855"]
[BlackFideId "718602"]
[EventDate "2017.11.25"]
[EventType "team-tourn"]

1. Nf3 d5 2. g3 Nf6 3. Bg2 e6 4. O-O Be7 5. c4 O-O 6. b3 c5 7. Bb2 d4 8. e3 Nc6
9. exd4 cxd4 10. Re1 Re8 11. d3 Bc5 12. Ne5 Nxe5 13. Rxe5 Bd6 14. Re1 e5 15. Ba3
Rb8 16. Bxd6 Qxd6 17. Nd2 Bf5 18. Qc2 b6 19. Ne4 Bxe4 20. Bxe4 Nxe4 21. Rxe4 f5
22. Re2 Re6 23. a3 Rbe8 24. b4 e4 25. c5 Qd5 26. Qa2 Qxa2 27. Raxa2 bxc5 28.
bxc5 Kf7 29. Rab2 exd3 30. Red2 Re2 31. Rb7+ R8e7 32. Rxe7+ Kxe7 33. Rxd3 Rc2
34. Rxd4 Rxc5 35. h4 Ke6 36. Kf1 Ra5 37. a4 h6 38. Ke2 g5 39. Kd3 Rc5 40. Rb4
Rd5+ 41. Ke3 Re5+ 42. Kd3 Rd5+ 43. Ke3 Re5+ 44. Kd3 Rd5+ 45. Ke3 Re5+ 1/2-1/2

[Event "TCh-HUN 2017-18"]
[Site "Hungary HUN"]
[Date "2017.12.17"]
[Round "4.5"]
[White "Sedlak, Nikola"]
[Black "Szabo, Gergely-Andras-Gyula"]
[Result "1/2-1/2"]
[WhiteTitle "GM"]
[BlackTitle "GM"]
[WhiteElo "2552"]
[BlackElo "2548"]
[WhiteTeam "ASE Paks"]
[BlackTeam "DVTK"]
[WhiteFideId "922900"]
[BlackFideId "1205064"]
[EventDate "2017.11.25"]
[EventType "team-tourn"]

1. d4 Nf6 2. Bg5 c6 3. Bxf6 exf6 4. e3 d5 5. g3 Qb6 6. b3 a5 7. a3 Bf5 8. Bd3
Bxd3 9. Qxd3 Qa6 10. Qxa6 Nxa6 11. Nc3 f5 12. Nge2 Bd6 13. Nc1 b5 14. Nd3 Kd7
15. Kd2 h5 16. h4 g6 17. Rhc1 Nc7 18. Ne2 a4 19. c4 dxc4 20. bxc4 bxc4 21. Rxc4
Nb5 22. Nc3 Rhb8 23. Nc5+ Bxc5 24. Rxc5 Nd6 25. Kc2 Ra6 26. Rb1 Rxb1 27. Kxb1
Rb6+ 28. Ka2 Ra6 29. f3 Ra8 30. d5 cxd5 31. Rxd5 Kc6 32. Rd4 Re8 33. Nd1 Kc5 34.
Nb2 Kc6 35. Rxa4 Nb5 36. Rc4+ Kb6 37. a4 Nd6 38. Rd4 Kc5 39. a5 Nb5 40. Rc4+ Kd5
41. Rb4 Kc5 42. Nd3+ Kc6 43. Rb3 Ra8 44. Ne5+ Kc5 45. Nxf7 Rxa5+ 46. Kb2 Ra6 47.
Ne5 Rd6 48. Kc2 Re6 49. Nd3+ Kb6 50. Nf4 Rc6+ 51. Kd2 Ka5 52. Rd3 Kb4 53. Rd7
Nd6 54. Rg7 Nc4+ 55. Ke2 Ra6 56. Rb7+ Kc5 57. Nd3+ Kd6 58. Rd7+ Kxd7 59. Nc5+
Ke7 60. Nxa6 Ne5 61. Nb4 Kf7 62. Nd3 Nc4 63. Nf4 Kf6 64. Nh3 Ke6 65. Ng5+ Kd5
66. Kd3 Ne5+ 67. Ke2 Kd6 68. e4 fxe4 69. fxe4 Ng4 70. Nf3 Ke6 71. Kd3 Kf6 72.
Kd4 Ke6 73. Ng5+ Kf6 74. Nh3 Ke6 75. Nf4+ Kf6 76. Nd3 g5 77. Ne1 gxh4 78. gxh4
Ne5 79. Kd5 Ng4 80. Ng2 Ne5 81. Ne1 Ng4 82. Nf3 Ne3+ 83. Kd4 Ng4 84. Ng5 Ne5 85.
Kd5 Ng4 86. Kd6 Ne3 87. e5+ Kf5 88. e6 Kg4 89. Ke5 Nf5 90. Kf6 Ne3 91. Kf7 Nf5
92. Ne4 Kxh4 93. Kf6 Kg4 94. Nf2+ Kf4 95. Nd3+ Ke4 96. Nc5+ Kf4 97. Nd3+ 1/2-1/2

[Event "TCh-HUN 2017-18"]
[Site "Hungary HUN"]
[Date "2017.12.17"]
[Round "4.6"]
[White "Pelletier, Yannick"]
[Black "Acs, Peter"]
[Result "1/2-1/2"]
[WhiteTitle "GM"]
[BlackTitle "GM"]
[WhiteElo "2546"]
[BlackElo "2588"]
[WhiteTeam "DVTK"]
[BlackTeam "ASE Paks"]
[WhiteFideId "1301837"]
[BlackFideId "708020"]
[EventDate "2017.11.25"]
[EventType "team-tourn"]

1. Nf3 Nf6 2. g3 g6 3. c4 Bg7 4. Bg2 O-O 5. O-O d6 6. d4 Nbd7 7. Nc3 e5 8. e4
exd4 9. Nxd4 Re8 10. h3 a6 11. Rb1 Rb8 12. a4 Nc5 13. Re1 a5 14. b3 Nfd7 15. Rb2
Ne5 16. Rd2 c6 17. Qc2 Qb6 18. Red1 h5 19. Nce2 Ned7 20. Bb2 Nf6 21. f3 d5 22.
exd5 cxd5 23. Kh1 dxc4 24. Qxc4 Qb4 25. Qxb4 axb4 26. Rc2 b6 27. Nf4 g5 28. Nd3
Nxd3 29. Rxd3 Ba6 30. Rdd2 Rbd8 31. Nc6 Rxd2 32. Rxd2 Re1+ 33. Kh2 Re2 34. Bc1
Rxd2 35. Bxd2 Be2 36. Bxg5 Bd1 37. a5 bxa5 38. Nxa5 Nd5 39. f4 Ne3 40. Be7 Nxg2
41. Kxg2 Bc3 42. Kf2 f6 43. Bd6 Kg7 44. f5 Bc2 45. g4 Bd1 46. gxh5 Kh6 47. Nc6
Bxb3 48. Bxb4 Bb2 49. Bc5 Kxh5 50. Bd4 Ba4 51. Bxb2 Bxc6 52. Bxf6 1/2-1/2

[Event "TCh-HUN 2017-18"]
[Site "Hungary HUN"]
[Date "2017.12.17"]
[Round "4.7"]
[White "Nevednichy, Vladislav"]
[Black "Antal, Gergely"]
[Result "1/2-1/2"]
[WhiteTitle "GM"]
[BlackTitle "GM"]
[WhiteElo "2534"]
[BlackElo "2525"]
[WhiteTeam "ASE Paks"]
[BlackTeam "DVTK"]
[WhiteFideId "1205730"]
[BlackFideId "717312"]
[EventDate "2017.11.25"]
[EventType "team-tourn"]

1. e4 c6 2. d4 d5 3. e5 Bf5 4. Nf3 e6 5. Be2 c5 6. O-O Nc6 7. Be3 cxd4 8. Nxd4
Nxd4 9. Qxd4 Ne7 10. Bb5+ Nc6 11. Qa4 Qc8 12. c4 a6 13. Bxc6+ Qxc6 14. Qxc6+
bxc6 15. Rc1 Be7 16. Nc3 f6 17. cxd5 cxd5 18. Bd4 fxe5 19. Bxe5 Bf6 20. f4 Bxe5
21. fxe5 O-O 22. Ne2 Rab8 23. b3 Rb4 24. Ng3 a5 25. Rc6 1/2-1/2

[Event "TCh-HUN 2017-18"]
[Site "Hungary HUN"]
[Date "2017.12.17"]
[Round "4.8"]
[White "Korpa, Bence"]
[Black "Fodor, Tamas Jr."]
[Result "1/2-1/2"]
[WhiteTitle "GM"]
[BlackTitle "GM"]
[WhiteElo "2483"]
[BlackElo "2490"]
[WhiteTeam "DVTK"]
[BlackTeam "ASE Paks"]
[WhiteFideId "706671"]
[BlackFideId "723762"]
[EventDate "2017.11.25"]
[EventType "team-tourn"]

1. Nf3 d5 2. g3 Nd7 3. d4 g6 4. c4 dxc4 5. Qa4 Nf6 6. Qxc4 Nb6 7. Qb3 Be6 8. Qd1
c5 9. Nc3 cxd4 10. Nxd4 Bd5 11. e4 Bxe4 12. Bb5+ Nbd7 13. O-O a6 14. Ba4 b5 15.
Nxe4 Nxe4 16. Bc2 Nef6 17. Re1 Rc8 18. Qf3 Qb6 19. Be3 Ne5 20. Qe2 Nfg4 21. Bb3
Nxe3 22. Qxe3 Qxd4 23. Qxe5 Qxe5 24. Rxe5 Bg7 25. Re2 e6 26. Bd5 Rc7 27. Be4 Ke7
28. Rd1 Rd8 29. Rxd8 Kxd8 30. Rd2+ Ke7 31. Kg2 f5 32. Ba8 Bh6 33. Re2 Kd6 34. f4
g5 35. Rd2+ Ke7 36. Re2 Kf6 37. fxg5+ Bxg5 38. h3 b4 39. g4 Bf4 40. Kf3 Bd6 41.
Kg2 Rg7 42. Kf3 h5 43. gxf5 Rg3+ 44. Kf2 Kxf5 45. Bg2 h4 46. Rc2 b3 47. axb3
Rxb3 48. Bf3 e5 49. Rc6 Rxb2+ 50. Be2 Be7 51. Rxa6 Kf4 52. Kf1 e4 53. Rg6 Bd8
54. Rg8 Ke3 55. Bh5 Bf6 56. Rf8 Be5 57. Bg4 Bd4 58. Rf7 Kd3 59. Rf4 Be3 60. Rf7
Bc5 61. Rf5 Bb6 62. Rf6 Kd2 63. Rd6+ Ke3 64. Rf6 Bd4 65. Rf8 Kd2 66. Rf4 Rb1+
67. Kg2 Rg1+ 68. Kh2 Re1 69. Kg2 Bc5 70. Rf1 Re3 71. Rd1+ Kc2 72. Rd5 Rg3+ 73.
Kh1 Bf2 74. Bf5 Re3 75. Re5 Kd3 76. Kg2 Bg3 77. Rxe4 Rxe4 1/2-1/2

[Event "TCh-HUN 2017-18"]
[Site "Hungary HUN"]
[Date "2017.12.17"]
[Round "4.9"]
[White "Szabo, Krisztian1"]
[Black "Kozak, Adam"]
[Result "1/2-1/2"]
[WhiteTitle "GM"]
[BlackTitle "IM"]
[WhiteElo "2498"]
[BlackElo "2422"]
[WhiteTeam "ASE Paks"]
[BlackTeam "DVTK"]
[WhiteFideId "722901"]
[BlackFideId "753246"]
[EventDate "2017.11.25"]
[EventType "team-tourn"]

1. e4 e5 2. Nf3 Nc6 3. Bb5 a6 4. Ba4 Nf6 5. O-O Be7 6. Re1 b5 7. Bb3 d6 8. c3
O-O 9. h3 Na5 10. Bc2 c5 11. d4 Qc7 12. Nbd2 Re8 13. Nf1 g6 14. b3 Bf8 15. Bg5
Bg7 16. Qd2 Be6 17. Rac1 Nb7 18. Ng3 Bc8 19. Bd3 Nd8 20. Be3 Ne6 21. d5 Nf8 22.
a4 Bd7 23. Ra1 Reb8 24. Qe2 Qb7 25. Reb1 Ne8 26. Nh2 h5 27. Nf3 Nc7 28. b4 c4
29. Bc2 Qc8 30. Qd2 Qe8 31. Ra2 bxa4 32. Rba1 1/2-1/2

[Event "TCh-HUN 2017-18"]
[Site "Hungary HUN"]
[Date "2017.12.17"]
[Round "4.10"]
[White "Berczes, David"]
[Black "Lizak, Peter"]
[Result "1-0"]
[WhiteTitle "GM"]
[BlackTitle "IM"]
[WhiteElo "2493"]
[BlackElo "2471"]
[WhiteTeam "DVTK"]
[BlackTeam "ASE Paks"]
[WhiteFideId "722960"]
[BlackFideId "731595"]
[EventDate "2017.11.25"]
[EventType "team-tourn"]

1. d4 e6 2. e4 d5 3. Nd2 Be7 4. e5 Nh6 5. Ndf3 c5 6. c3 Nc6 7. Bd3 f6 8. Ne2 Nf7
9. exf6 Bxf6 10. O-O O-O 11. Nf4 g6 12. Bb5 cxd4 13. cxd4 Nd6 14. Bxc6 bxc6 15.
Qc2 Bd7 16. Re1 Nf5 17. Be3 Qb6 18. Nd3 Nxd4 19. Nxd4 Bxd4 20. Bxd4 Qxd4 21. Nc5
Qg7 22. Qc3 Qxc3 23. bxc3 Rf7 24. Rab1 Re8 25. f4 Bc8 26. g3 g5 27. Rb8 gxf4 28.
Rxe6 Ref8 29. Rxc6 Bh3 30. Rxf8+ Rxf8 31. Kf2 fxg3+ 32. Kxg3 Bf1 33. Ne6 Re8 34.
Kf4 Bb5 35. Rd6 Bc4 36. a3 Kf7 37. Ng5+ Kg7 38. Rd7+ Kg6 39. Rd6+ Kg7 40. h4
Rf8+ 41. Ke5 Re8+ 42. Re6 Rc8 43. Re7+ Kg6 44. Ne6 a6 45. Nf4+ Kh6 46. Re6+ Kg7
47. Nh5+ Kf7 48. Rf6+ Kg8 49. Rd6 Kf7 50. Rf6+ Kg8 51. Rf3 Re8+ 52. Kd6 Re1 53.
Rg3+ Kf8 54. Nf6 h6 55. Nd7+ Kf7 56. Ne5+ Kf6 57. Rg6+ Kf5 58. Rxh6 Re3 59. Rf6+
Ke4 60. Nxc4 Rxc3 61. Nd2+ Kd4 62. Rf4+ Ke3 63. Rf3+ 1-0

[Event "TCh-HUN 2017-18"]
[Site "Hungary HUN"]
[Date "2017.12.17"]
[Round "4.11"]
[White "Lazarne Vajda, Szidonia"]
[Black "Nayhebaver, Martin"]
[Result "1/2-1/2"]
[WhiteTitle "IM"]
[BlackTitle "IM"]
[WhiteElo "2364"]
[BlackElo "2447"]
[WhiteTeam "ASE Paks"]
[BlackTeam "DVTK"]
[WhiteFideId "723894"]
[BlackFideId "14923432"]
[EventDate "2017.11.25"]
[EventType "team-tourn"]

1. d4 Nf6 2. Nf3 e6 3. g3 b6 4. Bg2 Bb7 5. O-O g6 6. c4 Bg7 7. Nc3 Ne4 8. Nxe4
Bxe4 9. Bg5 f6 10. Bd2 O-O 11. Rc1 Qe7 12. Qb3 a5 13. Qe3 f5 14. Ne5 Bxg2 15.
Kxg2 d6 16. Nf3 Nd7 17. Qd3 Nf6 18. Bg5 e5 19. dxe5 dxe5 20. Bxf6 Qxf6 21. e4
Rad8 22. Qe2 Qc6 23. Rfe1 Rd7 24. Rc3 Rfd8 25. Qc2 f4 26. c5 b5 27. Qb3+ Kh8 28.
Ng5 Qf6 29. c6 Re7 30. Nf3 b4 31. Rc5 fxg3 32. fxg3 g5 33. h3 Rf7 34. Rf1 Rff8
35. Qc4 g4 36. hxg4 Qh6 37. Rd5 Rxd5 38. Qxd5 Qe3 39. Rf2 h6 40. b3 Kh7 41. Qc4
Rf6 42. Rf1 Qc3 43. Qxc3 bxc3 44. Rc1 Rxc6 45. Rc2 Kg6 46. Kf2 Kf6 47. Ke3 Bf8
48. Kd3 Bb4 49. Rh2 Kg7 50. Kc2 Rf6 51. Nxe5 Rf1 52. a3 Ra1 53. Kd3 Rxa3 54. Kc4
Ra1 55. Nd3 Rg1 56. Nxb4 axb4 57. Kxb4 Rxg3 58. e5 Rxg4+ 59. Kxc3 Re4 60. Rg2+
Kf7 61. Rf2+ Kg6 62. Rf6+ Kg5 63. Rc6 Rxe5 64. Rxc7 h5 65. Kd4 Rf5 66. Rc1 h4
67. Rg1+ Kh5 68. b4 h3 69. Kc4 Kh4 70. b5 h2 71. Rh1 Kg3 1/2-1/2

[Event "TCh-HUN 2017-18"]
[Site "Hungary HUN"]
[Date "2017.12.17"]
[Round "4.12"]
[White "Medvegy, Nora"]
[Black "Krstulovic, Alex"]
[Result "1/2-1/2"]
[WhiteTitle "IM"]
[BlackTitle "FM"]
[WhiteElo "2357"]
[BlackElo "2296"]
[WhiteTeam "DVTK"]
[BlackTeam "ASE Paks"]
[WhiteFideId "705136"]
[BlackFideId "760056"]
[EventDate "2017.11.25"]
[EventType "team-tourn"]

1. e4 e5 2. Nf3 Nc6 3. Nc3 Nf6 4. d4 exd4 5. Nxd4 Bb4 6. Nxc6 bxc6 7. Bd3 O-O 8.
O-O d5 9. exd5 cxd5 10. Bg5 c6 11. Na4 h6 12. Bh4 Rb8 13. c4 Bd6 14. b3 Be6 15.
cxd5 cxd5 16. Rc1 Qe7 17. Bg3 Rfc8 18. Qe2 Ng4 19. Qd2 h5 20. Be2 h4 21. Bxd6
Qxd6 22. Bxg4 Rxc1 23. Rxc1 Bxg4 24. h3 Bf5 25. Rd1 Re8 26. Qd4 Be4 27. Nc3 Qa6
28. Re1 Re6 29. Nxe4 Qc6 30. Re3 dxe4 31. Qd8+ Re8 32. Qxh4 f5 33. Qf4 Qf6 34.
a4 Re7 35. h4 g6 36. g3 Rb7 37. Kg2 a5 38. Qg5 Qxg5 39. hxg5 Kf7 40. f3 Rb4 41.
Rc3 Ke6 42. Kf2 Kd5 43. Ke3 1/2-1/2

[Event "TCh-HUN 2017-18"]
[Site "Hungary HUN"]
[Date "2017.12.17"]
[Round "4.1"]
[White "Mihok, Oliver"]
[Black "Vovk, Yuri"]
[Result "1/2-1/2"]
[WhiteTitle "GM"]
[BlackTitle "GM"]
[WhiteElo "2543"]
[BlackElo "2610"]
[WhiteTeam "Duocor-Makoi SVSE"]
[BlackTeam "Aquarena Kobanya SC"]
[WhiteFideId "728012"]
[BlackFideId "14113171"]
[EventDate "2017.11.25"]
[EventType "team-tourn"]

1. e4 c5 2. Nf3 e6 3. d4 cxd4 4. Nxd4 Nc6 5. Nc3 Qc7 6. Be3 a6 7. Qf3 Bd6 8.
O-O-O Be5 9. Nxc6 Qxc6 10. Bd4 Bxd4 11. Rxd4 Ne7 12. Qg3 O-O 13. Be2 b5 14. Rhd1
Ra7 15. Qd6 Qxd6 16. Rxd6 f5 17. Bf3 Rc7 18. R1d2 g5 19. h3 h6 20. exf5 Nxf5 21.
Rb6 Nh4 22. Be4 d5 23. g3 Nf3 24. Bxf3 Rxf3 25. a4 bxa4 26. Nxa4 Kg7 27. b4 a5
28. Nc5 axb4 29. Nxe6+ Bxe6 30. Rxe6 b3 31. Ree2 Rfc3 32. Kb2 d4 33. cxb3 Rb7
34. Rxd4 Rcxb3+ 35. Kc2 Rb2+ 36. Kd1 Rb1+ 37. Kd2 Rh1 1/2-1/2

[Event "TCh-HUN 2017-18"]
[Site "Hungary HUN"]
[Date "2017.12.17"]
[Round "4.2"]
[White "Indjic, Aleksandar"]
[Black "Popovic, Dusan"]
[Result "1-0"]
[WhiteTitle "GM"]
[BlackTitle "GM"]
[WhiteElo "2605"]
[BlackElo "2525"]
[WhiteTeam "Aquarena Kobanya SC"]
[BlackTeam "Duocor-Makoi SVSE"]
[WhiteFideId "911925"]
[BlackFideId "927031"]
[EventDate "2017.11.25"]
[EventType "team-tourn"]

1. d4 Nf6 2. Bg5 d6 3. Bxf6 exf6 4. c4 f5 5. g3 g6 6. Bg2 Nd7 7. Nc3 Nf6 8. e3
h5 9. h4 Bh6 10. Nge2 O-O 11. Qd3 Rb8 12. b4 c6 13. a4 d5 14. c5 Re8 15. a5 a6
16. Nf4 Ne4 17. Kf1 Bxf4 18. gxf4 Nxc3 19. Qxc3 Be6 20. Bf3 Qf6 21. Ke2 Ra8 22.
Rag1 Kf8 23. Kd2 Red8 24. Rg5 Ke7 25. Rhg1 Rdc8 26. R1g2 Rd8 27. Qc1 Rh8 28. Qg1
Rh6 29. Be2 Rd8 30. Bd3 Rhh8 31. Kc3 Rhf8 32. f3 Rfe8 33. Qf2 Kf8 34. Qg1 Ke7
35. Re2 Kf8 36. Qf2 Bc8 37. e4 dxe4 38. fxe4 fxe4 39. Rxe4 Rxe4 40. Bxe4 Re8 41.
Re5 Rxe5 42. dxe5 Qd8 43. f5 gxf5 44. Bf3 f4 45. Bxh5 Bf5 46. Be2 Qd5 47. Qxf4
Qa2 48. Bd1 Qb1 49. Kd2 Qd3+ 50. Ke1 Qc3+ 51. Kf2 Qb2+ 52. Kg3 Qb1 53. Qd4 Be6
54. h5 Qc1 55. Kh4 Kg7 56. Kg3 Kf8 57. Bf3 Kg7 58. Kg2 Qg5+ 59. Kf2 Kf8 60. Ke2
Bd5 61. Bxd5 cxd5 62. Qxd5 Qxh5+ 63. Ke3 Qg5+ 64. Kd3 Qg3+ 65. Kc4 Qe1 66. Qd8+
Kg7 67. Qf6+ Kg8 68. Qf4 Qd1 69. Qe4 Kf8 70. Qd3 Qe1 71. Qd8+ Kg7 72. Qg5+ Kf8
73. Qd8+ Kg7 74. Qd4 Kf8 75. Qd6+ Kg8 76. c6 Qf1+ 77. Qd3 Qf4+ 78. Kc5 Qxe5+ 79.
Kb6 bxc6 80. Kxa6 Qb8 81. Qc4 Qc7 82. b5 Qc8+ 83. Kb6 Qd8+ 84. Kxc6 Qxa5 85. b6
Qa8+ 86. b7 Qe8+ 87. Kb6 Qd8+ 88. Qc7 Qf6+ 89. Qc6 Qd8+ 90. Ka6 Qd3+ 91. Ka7
Qd4+ 92. Qb6 Qa4+ 93. Qa6 Qd4+ 94. Ka8 Qd5 95. Qa4 Kg7 96. Qa1+ Kh7 97. Qc3 Qa2+
98. Kb8 Qe6 99. Qc5 f6 100. Kc7 Qf7+ 101. Kb6 Qb3+ 102. Kc6 Qf3+ 103. Kc7 Qf4+
104. Qd6 Qc4+ 105. Qc6 Qf4+ 106. Kc8 1-0